01001cam a22002531 4500001001300000003000400013005001700017008004100034010001700075035001900092040004700111042001200158050002700170051001600197082001000213100003100223245007400254260007100328300002100399410006500420501020000485504002500685650003700710e 50000035 DLC20260227111234.0780906s1950 xx 000 0 eng c ae 50000035  a(OCoLC)4201873 aU.S. Office of Education LibrarycOAkdDLC apremarc00aL111b.A6 1950, no. 17 aLB3221b.V5 a371.61 aViles, Nelson Eric,d1891-10aSchool buildings:bremodeling, rehabilitation, modernization, repair. a[Washington]bFederal Security Agency, Office of Educationc[1950] av, 37 p.c23 cm.10aUnited States.bOffice of Education.tBulletin 1950,vno. 17 aCopies 1 and 2 of L111.A6 with: State boards of education and chief state school officers / Ward W. Keesecker. Washington : Govt. Print. Off., 1950. Bound together subsequent to publication.5DLC aBibliography: p. 37. 0aSchool buildingszUnited States.